| 000 | 01257nam a2200313Ia 4500 | ||
|---|---|---|---|
| 001 | ebr10296324 | ||
| 003 | CaPaEBR | ||
| 006 | m u | ||
| 007 | cr cn||||||||| | ||
| 008 | 080613s2009 njuaf sb 001 0 eng d | ||
| 010 | _z 2008026770 | ||
| 020 | _z9780470401286 (cloth) | ||
| 020 | _z0470401281 (cloth) | ||
| 040 |
_aCaPaEBR _cCaPaEBR |
||
| 035 | _a(OCoLC)352829697 | ||
| 050 | 1 | 4 |
_aTK7871.6 _b.J56 2009eb |
| 100 | 1 |
_aJin, Jian-Ming, _d1962- |
|
| 245 | 1 | 0 |
_aFinite element analysis of antennas and arrays _h[electronic resource] / _cJian-Ming Jin, Douglas J. Riley. |
| 260 |
_aHoboken, NJ : _bJohn Wiley & Sons : _bIEEE Press, _cc2009. |
||
| 300 |
_axiii, 435 p., [16] p. : _bill. (some col.) |
||
| 504 | _aIncludes bibliographical references and index. | ||
| 533 |
_aElectronic reproduction. _bPalo Alto, Calif. : _cebrary, _d2009. _nAvailable via World Wide Web. _nAccess may be limited to ebrary affiliated libraries. |
||
| 650 | 0 | _aAntenna arrays. | |
| 650 | 0 | _aFinite element method. | |
| 655 | 7 |
_aElectronic books. _2local |
|
| 700 | 1 |
_aRiley, Douglas J., _d1962- |
|
| 710 | 2 | _aebrary, Inc. | |
| 856 | 4 | 0 |
_uhttp://site.ebrary.com/lib/rucke/Doc?id=10296324 _zAn electronic book accessible through the World Wide Web; click to view |
| 999 |
_c180878 _d180878 |
||